| 000 | 00519nam a22001817a 4500 | ||
|---|---|---|---|
| 005 | 20251030141611.0 | ||
| 008 | 251030b |||||||| |||| 00| 0 eng d | ||
| 040 | _aMAIN | ||
| 082 |
_a658 _bS3I |
||
| 100 | _aSarita | ||
| 245 | _aInfluence of mindfulness and emotional intelligence on job satisfaction: A study of IT sector | ||
| 260 |
_bDepartment of IMSAR, M D University, Rohtak _c2025 |
||
| 300 | _axv, 216 | ||
| 650 | _aManagement | ||
| 650 | _aJob Satisfaction | ||
| 700 | _aYadav, Priyanka | ||
| 942 | _cTH | ||
| 999 |
_c393741 _d393741 |
||